| 000 | 01225cam a2200229 4500 | ||
|---|---|---|---|
| 001 | ABS64407 | ||
| 008 | 010910n2001 000 0 eng u | ||
| 035 | _a(Sirsi) u114483 | ||
| 100 | _aVivian, J | ||
| 245 | _aTread carefully when subleasing | ||
| 260 | _c2001 | ||
| 490 |
_aProperty Week _v(66)34 24 August 2001, 62-63(2) |
||
| 520 | _aTwo articles on subletting, one from the landlord's point of view, the other from the tenant's, looking at the landlord's desire to restrict subletting and the tenant's desire to have the flexibility to make sublets, especially where the property is over-rented due to a fall in market rent. Uses the case "Homebase Ltd v Allied Dunbar Assurance plc" (2002) to illustrate the pitfalls and issues to be addressed. Guidance provided by this case allows landlords to make severe restrictions on the forms of subletting in order to safekeep an acceptable rent for the landlord. An application for leave to appeal has been lodged. | ||
| 590 | _aABS | ||
| 650 | _aSUBLETTING | ||
| 650 | _aHOMEBASE LTD AND ANOTHER V ALLIED DUNBAR ASSURANCE PLC | ||
| 650 | _aSIDE DEEDS | ||
| 650 | _aPROPERTY MARKET | ||
| 690 | _aLANDLORD AND TENANT-LEASES | ||
| 700 | _aWhite, G | ||
| 942 | _n0 | ||
| 999 |
_c68202 _d68202 |
||